| 000 | 00000nam##2200000za#4500 |
| 001 | 9.679829 |
| 003 | CaOODSP |
| 005 | 20220107134006 |
| 007 | ta |
| 008 | 150407|1996||||xxc||||| f|0| 0 fre|d |
| 020 | |a0-662-81357-X |
| 040 | |aCaOODSP|bfre |
| 043 | |an-cn--- |
| 086 | 1 |aH72-21/147-1996F |
| 110 | 2 |aCentre national d'information sur la violence dans la famille (Canada) |
| 245 | 10|aSécurité et économies: prévenir le crime par le biais du développement social / |cPublié par le Comité sur l'analyse économique, Conseil national de prévention du crime, Canada. |
| 260 | |aOttawa - Ontario : |bSanté Canada. |c1996. |
| 300 | |a8p. : |bréférences ; |c28 cm. |
| 563 | |aCouverture souple |
| 590 | |a96-36|b1996-09-06 |
| 691 | 07|aPrévention de la criminalité|2gcpds |
| 775 | 08|tSafety and savings: crime prevention through social development / |w(CaOODSP)9.646263 |
| 776 | 0#|tSécurité et économies : |w(CaOODSP)9.639848 |